00475nam a2200157Ia 450000500170000000800410001708200150005810000140007324500260008726000390011330000130015250000360016594200060020195200970020799900130030420250425084320.0240331s9999 xx 000 0 und d a295.5bMUR aMurthy, S 0aMatar kula tilakankal aChennaibVanathi pathippagamc1991 a216 p ., aA book of Ancient Tamil women's cL 001040708LaWERCLbWERCLcSSCd2024-03-31l0o 295.5 MURp3686r2024-03-31w2024-03-31yL c954d954